000 01693nam a22003977a 4500
003 CHAP
005 20220329134957.0
008 971013s1973 r 00010 d
010 _a28954
011 _a29926
035 _a34037
040 _cCHAP
082 _a574.192
_bL44
100 0 0 _aLehninger, Albert L.
_965883
245 _aShort course in biochemistry
260 _aNew York :
_bWorth,
_c1973
300 _a420 p.
_b: ilus. ; apénd.
590 _aBATCH-UPD
_b10
_c20130110
_lUCH01
_h0312
590 _aBATCH-UPD
_b10
_c20130110
_lUCH01
_h2045
590 _aBATCH-UPD
_b10
_c20130409
_lUCH01
_h2345
590 _aBATCH-UPD
_b10
_c20130914
_lUCH01
_h0643
590 _aCONVERSION
_b10
_c20130109
_lUCH01
_h1317
650 1 4 _aBioquímica.
_912849
901 _aBK
942 _cLIBRO
949 _a574.192 L44
_bBC
_cLIBRO
_d-78914
_eLIBRO
_fc.5
_h28589
_i34037
_si
_t185.00
949 _a574.192 L44
_bBC
_cLIBRO
_d33724000472007
_eLIBRO
_h28585
_i34037
_si
_t185.00
949 _a574.192 L44
_bBC
_cLIBRO
_d33724000472015
_eLIBRO
_fc.6
_h28590
_i34037
_si
_t185.00
949 _a574.192 L44
_bBC
_cLIBRO
_d33724000472023
_eLIBRO
_fc.3
_h28587
_i34037
_si
_t185.00
949 _a574.192 L44
_bBC
_cLIBRO
_d33724000472031
_eLIBRO
_fc.7
_h28591
_i34037
_si
_t185.00
949 _a574.192 L44
_bBC
_cLIBRO
_d33724000472049
_eLIBRO
_fc.8
_h28592
_i34037
_si
_t185.00
949 _a574.192 L44
_bBC
_cLIBRO
_d33724000472056
_eLIBRO
_fc.10
_h28594
_i34037
_si
_t185.00
949 _a574.192 L44
_bBC
_cLIBRO
_d33724000659413
_eLIBRO
_fc.4
_h28588
_i34037
_si
_t185.00
949 _a574.192 L44
_bBC
_cLIBRO
_d33724000678553
_eLIBRO
_fc.2
_h28586
_i34037
_si
_t185.00
949 _a574.192 L44
_bBC
_cLIBRO
_d33724002009173
_eLIBRO
_fc.9
_h28593
_i34037
_si
_t185.00
999 _c28954
_d28954